| 000 | 00882nam a2200229Ia 4500 | ||
|---|---|---|---|
| 003 | GCL | ||
| 008 | 140319s9999 xx 000 0 ara d | ||
| 040 |
_aGCL / _cGCL |
||
| 082 | 0 | 4 |
_a306.6 _bم ا |
| 100 | 1 | _aمهنا يوسف حداد | |
| 245 | 1 | 0 |
_aالانثروبولوجيا الدينية او العلاقة التبادلية بين ظاهرتى الحضارة والديانة / _cمهنا يوسف حداد |
| 260 |
_aالاردن : _bمؤسسة حمادة للدراسات الجامعية والنشر والتوزيع ، _c2004 |
||
| 300 |
_a279 ص ؛ _c24 سم |
||
| 650 | 0 | 4 | _aالحضارة |
| 650 | 0 | 4 | _aالثقافة الاسلامية |
| 650 | 0 | 4 | _aالثقافة |
| 650 | 0 | 4 | _aالوعى الاجتماعى |
| 650 | 0 | 4 | _aالعلاقات الثقافية |
| 650 | 0 | 4 | _aالاساطير |
| 650 | 0 | 4 | _aالتنمية الثقافية |
| 942 |
_2ddc _cBK |
||
| 999 |
_c8366 _d8366 |
||